[Event "GRE-chT 50th"]
[Site "Nikaia"]
[Date "2023.08.25"]
[Round "1.8"]
[White "Nteligiorgis, Eleftherios"]
[Black "Fragkos, Vasileios"]
[Result "0-1"]
[WhiteElo "2029"]
[BlackElo "2072"]
[PlyCount "94"]
[EventDate "2023.08.25"]
[EventType "team"]
[EventRounds "9"]
[EventCountry "GRE"]
[SourceTitle "EXT 2024"]
[Source "ChessBase"]
[SourceDate "2023.10.10"]
[SourceVersion "1"]
[SourceVersionDate "2023.10.10"]
[SourceQuality "1"]
[WhiteTeam "Ames Neas Erythreas"]
[BlackTeam "Peristeriou PS"]
[WhiteTeamCountry "GRE"]
[BlackTeamCountry "GRE"]

1. e4 e5 2. Nf3 Nc6 3. Bc4 Bc5 4. 0-0 Nf6 5. d3 0-0 6. h3 d6 7. c3 Bb6 8. a4 a5 9. Re1 Ne7 10. Nbd2 Ng6 11. Nf1 c6 12. Ba2 h6 13. Ng3 Re8 14. d4 Be6 15. Bxe6 Rxe6 16. Qb3 Qc7 17. Be3 exd4 18. Nxd4 Ree8 19. Ndf5 Bxe3 20. Rxe3 d5 21. exd5 Nxd5 22. Rxe8+ Rxe8 23. Rd1 Ndf4 24. Qc4 Rd8 25. Rxd8+ Qxd8 26. Qe4 Ne6 27. Qc2 Ngf4 28. Ne4 g6 29. Nfd6 f5 30. Nxb7 Qe7 31. Ned6 Qg5 32. g3 Nxh3+ 33. Kf1 Qe7 34. Qe2 Nhg5 35. Qe5 Kh7 36. Nd8 Qxd8 37. f4 Ne4 38. Nxe4 Qd3+ 39. Kf2 Qxe4 40. Qxa5 g5 41. Qa7+ Kg6 42. fxg5 Qc2+ 43. Kg1 Nxg5 44. Qe3 Ne4 45. Qb6 Qd1+ 46. Kg2 Qe2+ 47. Kg1 Qe1+ 0-1

[Event "Wch U16"]
[Site "Mamaia"]
[Date "2022.09.08"]
[Round "3"]
[White "Sokolovsky, Yahli"]
[Black "Fragkos, Vasileios"]
[Result "1-0"]
[WhiteElo "2426"]
[BlackElo "2087"]
[PlyCount "51"]
[EventDate "2022.09.06"]
[EventType "swiss"]
[EventRounds "11"]
[EventCountry "ROU"]
[SourceTitle "CBM 210 Extra"]
[Source "ChessBase"]
[SourceDate "2022.11.30"]
[SourceVersion "1"]
[SourceVersionDate "2022.11.30"]
[SourceQuality "1"]

1. e4 e5 2. Nf3 Nc6 3. Bb5 a6 4. Ba4 Nf6 5. Nc3 b5 6. Bb3 Be7 7. a4 b4 8. Nd5 0-0 9. d3 d6 10. a5 Bg4 11. Be3 Nxd5 12. Bxd5 Qd7 13. c3 Be6 14. Qa4 Bxd5 15. exd5 Nb8 16. Qxb4 Qf5 17. Qe4 Qh5 18. Qc4 Bd8 19. g4 Qg6 20. Rg1 f5 21. gxf5 Qxf5 22. Ng5 Nd7 23. Ne6 Rf7 24. 0-0-0 Nf6 25. Qc6 Rb8 26. Ba7 1-0

[Event "GRE-ch U16 Attiki"]
[Site "Peristeri"]
[Date "2022.06.29"]
[Round "6"]
[White "Fragkos, Vasileios"]
[Black "Proutsalis, Marios Alexandros"]
[Result "1-0"]
[WhiteElo "2062"]
[BlackElo "1461"]
[PlyCount "99"]
[EventDate "2022.06.24"]
[EventType "swiss"]
[EventRounds "7"]
[EventCountry "GRE"]
[SourceTitle "EXT 2023"]
[Source "ChessBase"]
[SourceDate "2022.10.05"]
[SourceVersion "1"]
[SourceVersionDate "2022.10.05"]
[SourceQuality "1"]

1. e4 c5 2. Nf3 d6 3. d4 cxd4 4. Nxd4 Nf6 5. Nc3 a6 6. Rg1 e6 7. g4 d5 8. e5 Nfd7 9. Bf4 Nc6 10. Nf3 d4 11. Nxd4 Ndxe5 12. Nxc6 Qxd1+ 13. Kxd1 Nxc6 14. Bg2 Bd7 15. Be3 Be7 16. Ne4 0-0 17. c3 Ne5 18. h3 Bc6 19. Nd2 Bxg2 20. Rxg2 Rfd8 21. Kc2 Rac8 22. a4 Bc5 23. Rg3 Bxe3 24. Rxe3 Nc4 25. Nxc4 Rxc4 26. Rd3 Rxd3 27. Kxd3 Rc7 28. Ra3 Kf8 29. Rb3 Ke7 30. g5 Rd7+ 31. Ke3 Kd8 32. Rb4 Kc7 33. Rh4 f6 34. gxf6 gxf6 35. Rh6 Rf7 36. Ke4 Kd6 37. f4 f5+ 38. Kd4 Rg7 39. b4 Re7 40. c4 b6 41. c5+ bxc5+ 42. bxc5+ Kc6 43. Kc4 Kc7 44. Rf6 Kc6 45. h4 Kd7 46. Kd4 Kc6 47. h5 a5 48. Kc4 Rb7 49. Rxe6+ Kd7 50. c6+ 1-0

[Event "EU-ch Hybrid U16"]
[Site "Tornelo INT"]
[Date "2021.10.15"]
[Round "7"]
[White "Fragkos, Vasileios"]
[Black "Hommer, Jeremy"]
[Result "1-0"]
[WhiteElo "1923"]
[BlackElo "2272"]
[PlyCount "63"]
[EventDate "2021.10.15"]
[EventType "swiss"]
[EventRounds "9"]
[EventCountry "NET"]
[SourceTitle "EXT 2023"]
[Source "ChessBase"]
[SourceDate "2022.10.05"]
[SourceVersion "1"]
[SourceVersionDate "2022.10.05"]
[SourceQuality "1"]
[WhiteTeam "Greece"]
[BlackTeam "Germany"]
[WhiteTeamCountry "GRE"]
[BlackTeamCountry "GER"]

1. e4 e6 2. d4 d5 3. Nd2 c5 4. Ngf3 cxd4 5. exd5 Qxd5 6. Bc4 Qd7 7. 0-0 Nc6 8. Nb3 a6 9. a4 Nf6 10. Nbxd4 Nxd4 11. Qxd4 Qxd4 12. Nxd4 Be7 13. Re1 0-0 14. c3 Bd7 15. h3 Rfd8 16. Bf4 Kf8 17. Bb3 Rac8 18. Rad1 Bc6 19. Nxc6 Rxc6 20. Rxd8+ Bxd8 21. Rd1 Ke7 22. Bc2 Rb6 23. a5 Rc6 24. Ba4 Nd5 25. Bxc6 bxc6 26. Bd2 Bc7 27. c4 Nf6 28. b4 Ne4 29. Be3 Be5 30. b5 cxb5 31. cxb5 Nc3 32. bxa6 1-0

[Event "EU-ch Hybrid U16"]
[Site "Tornelo INT"]
[Date "2021.10.15"]
[Round "9"]
[White "Fragkos, Vasileios"]
[Black "Talibov, Shiroghlan"]
[Result "1-0"]
[WhiteElo "1923"]
[BlackElo "2148"]
[PlyCount "128"]
[EventDate "2021.10.15"]
[EventType "swiss"]
[EventRounds "9"]
[EventCountry "NET"]
[SourceTitle "EXT 2023"]
[Source "ChessBase"]
[SourceDate "2022.10.05"]
[SourceVersion "1"]
[SourceVersionDate "2022.10.05"]
[SourceQuality "1"]
[WhiteTeam "Greece"]
[BlackTeam "Azerbaijan"]
[WhiteTeamCountry "GRE"]
[BlackTeamCountry "AZE"]

1. e4 c5 2. Nf3 e6 3. d4 cxd4 4. Nxd4 Nf6 5. Nc3 Nc6 6. Ndb5 d6 7. Bf4 e5 8. Bg5 a6 9. Na3 Be6 10. Nc4 Nd4 11. Bd3 Be7 12. Bxf6 Bxf6 13. Ne3 Bg5 14. Ncd5 0-0 15. c3 Nc6 16. 0-0 g6 17. Bc2 Rc8 18. Qe2 Kh8 19. Kh1 Bxe3 20. Nxe3 Qb6 21. Bd3 f5 22. exf5 gxf5 23. f4 e4 24. Bc4 Bxc4 25. Nxc4 Qb5 26. a4 Qc5 27. Rad1 d5 28. Ne3 Rcd8 29. Nc2 d4 30. cxd4 Nxd4 31. Nxd4 Rxd4 32. Rxd4 Qxd4 33. b3 Rd8 34. Qh5 e3 35. h3 Qe4 36. Qg5 Rd6 37. Rc1 Qe8 38. Qxf5 e2 39. Kh2 Rd7 40. Re1 Re7 41. Qf6+ Kg8 42. Qg5+ Kh8 43. f5 Qb8+ 44. Qg3 Qf8 45. Qc3+ Kg8 46. Qc4+ Qf7 47. Qg4+ Qg7 48. Kg3 Re3+ 49. Kf4 Rxb3 50. Qxg7+ Kxg7 51. Rxe2 Kf7 52. g4 Rxh3 53. Rb2 b5 54. axb5 axb5 55. Rxb5 h6 56. Rb7+ Kf6 57. Rb6+ Kf7 58. Rb7+ Kf6 59. Rh7 Rh4 60. Rxh6+ Rxh6 61. g5+ Kg7 62. gxh6+ Kxh6 63. Ke5 Kg7 64. Ke6 Kf8 1-0

[Event "EU-ch Hybrid U16"]
[Site "Tornelo INT"]
[Date "2021.10.15"]
[Round "8"]
[White "Kristoferitsch, Daniel"]
[Black "Fragkos, Vasileios"]
[Result "0-1"]
[WhiteElo "2290"]
[BlackElo "1923"]
[PlyCount "172"]
[EventDate "2021.10.15"]
[EventType "swiss"]
[EventRounds "9"]
[EventCountry "NET"]
[SourceTitle "EXT 2023"]
[Source "ChessBase"]
[SourceDate "2022.10.05"]
[SourceVersion "1"]
[SourceVersionDate "2022.10.05"]
[SourceQuality "1"]
[WhiteTeam "Austria"]
[BlackTeam "Greece"]
[WhiteTeamCountry "AUT"]
[BlackTeamCountry "GRE"]

1. d4 d5 2. c4 e6 3. Nc3 Nf6 4. cxd5 exd5 5. Bg5 Be7 6. e3 c6 7. Bd3 Nbd7 8. Nge2 h6 9. Bh4 Nh5 10. Bxe7 Qxe7 11. Qd2 0-0 12. g4 Nhf6 13. f3 Re8 14. Kf2 Nf8 15. Rag1 Ng6 16. h4 Nh7 17. h5 Ngf8 18. Rg3 Be6 19. f4 Rad8 20. Ng1 Nf6 21. f5 Bc8 22. Nh3 N6h7 23. Ne2 f6 24. Nef4 Qd6 25. Rc1 Re7 26. Rc3 Rde8 27. Be2 Nd7 28. Bf3 Nb6 29. b3 Bd7 30. Rg1 Rd8 31. Kg2 Be8 32. Rgc1 Bf7 33. a4 Nc8 34. Rd3 Rde8 35. Ne2 Qd8 36. Ng3 Nd6 37. Re1 Nf8 38. Qc3 Nd7 39. Nf4 Nb8 40. Kf2 Nd7 41. Rd2 Nf8 42. Qc5 Qb8 43. Rc2 Nh7 44. Nh3 Nf8 45. Qc3 Nh7 46. Kg2 Qd8 47. Rce2 Qb8 48. Nf1 Ne4 49. Bxe4 Rxe4 50. Kf3 Nf8 51. Ng3 R4e7 52. Rc2 Nd7 53. Kg2 Nb6 54. Nf4 Nc8 55. Nf1 Nd6 56. Nd2 Kh7 57. Qd3 Bg8 58. Rc3 a5 59. Qc2 Bf7 60. Kf3 Bg8 61. Qb1 Nf7 62. Kg2 Ng5 63. Qd3 Qd6 64. Nh3 Nf7 65. Qc2 Qb8 66. Rd3 Qc7 67. Qc3 Nd6 68. Nf2 Nf7 69. b4 axb4 70. Qxb4 Nd6 71. Rc3 Bf7 72. Kf3 Nc8 73. Rb1 Nd6 74. Qb6 Qd7 75. Qb3 Kh8 76. Qc2 Bg8 77. Nh1 Nf7 78. Ng3 Ng5+ 79. Kf2 Qd6 80. Qb3 Qb8 81. Ndf1 c5 82. Rxc5 Rxe3 83. Nxe3 Qf4+ 84. Ke2 Qxg4+ 85. Kd2 Qxg3 86. Rcc1 Qf2+ 0-1

[Event "EU-ch Hybrid U16"]
[Site "Tornelo INT"]
[Date "2021.10.15"]
[Round "6"]
[White "Lin, Ying Rui"]
[Black "Fragkos, Vasileios"]
[Result "1/2-1/2"]
[WhiteElo "2339"]
[BlackElo "1923"]
[PlyCount "229"]
[EventDate "2021.10.15"]
[EventType "swiss"]
[EventRounds "9"]
[EventCountry "NET"]
[SourceTitle "EXT 2023"]
[Source "ChessBase"]
[SourceDate "2022.10.05"]
[SourceVersion "1"]
[SourceVersionDate "2022.10.05"]
[SourceQuality "1"]
[WhiteTeam "Spain"]
[BlackTeam "Greece"]
[WhiteTeamCountry "ESP"]
[BlackTeamCountry "GRE"]

1. d4 d5 2. Nf3 Nf6 3. g3 e6 4. Bg2 b5 5. 0-0 Bd6 6. a4 b4 7. c4 bxc3 8. Nxc3 0-0 9. Nb5 a6 10. Nxd6 cxd6 11. b4 Nbd7 12. Bg5 Bb7 13. Nd2 h6 14. Bxf6 Nxf6 15. Nb3 Qb6 16. Qd2 Rfc8 17. Na5 Bc6 18. Nxc6 Rxc6 19. Rfc1 Rac8 20. Rxc6 Rxc6 21. Rb1 Qc7 22. b5 axb5 23. axb5 Rb6 24. e3 Rb7 25. Rc1 Qb6 26. Rc8+ Kh7 27. Qc2+ g6 28. Bf1 Ng8 29. Qc6 Nf6 30. h4 h5 31. Qc3 Kg7 32. Rc6 Qd8 33. Qa3 Qb8 34. Rxd6 Ne4 35. Ra6 Qc7 36. Ra8 Rb8 37. Rxb8 Qxb8 38. Kg2 Qd8 39. Bd3 Nd6 40. Qc5 Nc8 41. e4 dxe4 42. Bxe4 Nb6 43. Qe5+ Kg8 44. Bc6 Nc4 45. Qf4 Nb6 46. g4 hxg4 47. Qxg4 Qf6 48. h5 Kg7 49. hxg6 Qxg6 50. Kf3 Qxg4+ 51. Kxg4 Kf6 52. Kf4 Ke7 53. Ke4 Kd6 54. Kd3 f6 55. Kc3 e5 56. dxe5+ fxe5 57. Kb4 Nc8 58. Ka5 Kc7 59. Bd5 Nb6 60. Be6 Kb7 61. Kb4 Kc7 62. Bf5 Kd6 63. Be4 Nd7 64. Bc6 Nb6 65. Kc3 Kc5 66. Kd3 Kd6 67. Ke4 Nc4 68. Kf5 Nb6 69. Kf6 Nc4 70. Bg2 Nb6 71. Kf7 Kd7 72. Bc6+ Kd6 73. Ke8 Nc4 74. Kd8 Nb6 75. Be8 Nd5 76. Kc8 Nb6+ 77. Kb7 Kc5 78. Bc6 Nc4 79. Kc7 Nb6 80. f3 Nc4 81. Be8 Nb6 82. Bc6 Nc4 83. Bd7 Nb6 84. Be8 Nc4 85. Bc6 Nb6 86. Kb7 Nc4 87. Bd7 Nd6+ 88. Kc7 Nc4 89. Kd8 Kd6 90. Bh3 Nb6 91. Bf1 Nd5 92. Ke8 Nb6 93. Kf7 Kd7 94. Bd3 Kd6 95. Be4 Kd7 96. Bf5+ Kd6 97. Be6 Na4 98. Kf6 Nb6 99. Bb3 Nd7+ 100. Kf7 Nb6 101. Ke8 Nd7 102. Kd8 Nb6 103. Bg8 Na4 104. Kc8 Nb6+ 105. Kb7 Kc5 106. Kc7 Na4 107. Kd7 Nc3 108. Ke6 e4 109. fxe4 Nxe4 110. b6 Kxb6 111. Ke7 Nf6 112. Be6 Nd7 113. Kd6 Nc5 114. Bd5 Nb7+ 115. Bxb7 1/2-1/2

[Event "EU-ch Hybrid U16"]
[Site "Tornelo INT"]
[Date "2021.10.15"]
[Round "4"]
[White "Petreski, Leonid"]
[Black "Fragkos, Vasileios"]
[Result "0-1"]
[WhiteElo "1817"]
[BlackElo "1923"]
[PlyCount "102"]
[EventDate "2021.10.15"]
[EventType "swiss"]
[EventRounds "9"]
[EventCountry "NET"]
[SourceTitle "EXT 2023"]
[Source "ChessBase"]
[SourceDate "2022.10.05"]
[SourceVersion "1"]
[SourceVersionDate "2022.10.05"]
[SourceQuality "1"]
[WhiteTeam "Macedonia"]
[BlackTeam "Greece"]
[WhiteTeamCountry "MKD"]
[BlackTeamCountry "GRE"]

1. e4 e5 2. Nf3 Nc6 3. Bc4 Nf6 4. d3 h6 5. Nbd2 d6 6. c3 g6 7. a4 Bg7 8. Qb3 0-0 9. a5 Qe7 10. 0-0 Nh5 11. Re1 Rb8 12. Bd5 Bd7 13. Nf1 Nd8 14. d4 c6 15. Bc4 Be6 16. dxe5 dxe5 17. Be3 a6 18. Ng3 Nf4 19. Ba7 Ra8 20. Bb6 h5 21. Rad1 Bg4 22. Kh1 Bxf3 23. gxf3 Nde6 24. Bxe6 Nxe6 25. Qc4 Qf6 26. Qe2 Nf4 27. Qe3 Qg5 28. Rg1 Qh4 29. Ne2 Bh6 30. Rg3 Kh7 31. Rd7 Qf6 32. Ng1 Qe6 33. Qd2 Nd5 34. exd5 Qxd7 35. Qe2 Qxd5 36. Rh3 Rae8 37. Rh4 Bg5 38. Re4 f5 39. Rc4 Bh6 40. Qf1 Rf7 41. Rh4 e4 42. f4 e3+ 43. f3 Rd7 44. Bd4 Bg7 45. Qh3 Qf7 46. Ne2 Bxd4 47. cxd4 c5 48. Kg2 Kg7 49. Qg3 Rh8 50. dxc5 Rd2 51. Qe1 Qc4 0-1

[Event "GRE-ch U16"]
[Site "Patras"]
[Date "2021.07.07"]
[Round "6"]
[White "Stefanou, Konstantinos"]
[Black "Fragkos, Vasileios"]
[Result "0-1"]
[WhiteElo "1930"]
[BlackElo "1890"]
[PlyCount "116"]
[EventDate "2021.07.02"]
[EventType "swiss"]
[EventRounds "7"]
[EventCountry "GRE"]
[SourceTitle "EXT 2023"]
[Source "ChessBase"]
[SourceDate "2022.10.05"]
[SourceVersion "1"]
[SourceVersionDate "2022.10.05"]
[SourceQuality "1"]

1. d4 Nf6 2. c4 e6 3. Nc3 Bb4 4. e3 Ne4 5. Qc2 f5 6. Bd3 0-0 7. Nge2 b6 8. Bxe4 fxe4 9. Qxe4 d5 10. Qc2 Ba6 11. cxd5 exd5 12. 0-0 Bxc3 13. bxc3 Nc6 14. Re1 Qd7 15. Ng3 Rae8 16. Ba3 Rf6 17. f3 Na5 18. e4 dxe4 19. fxe4 Nc4 20. Bc1 c5 21. dxc5 bxc5 22. Be3 Qc6 23. Rad1 Nxe3 24. Rxe3 Bc4 25. Qd2 Ref8 26. e5 Rg6 27. Ne4 h5 28. Nd6 Be6 29. Qc2 Rg5 30. c4 h4 31. h3 Rf4 32. Rf1 Rxf1+ 33. Kxf1 Rg3 34. Rxg3 hxg3 35. Qg6 Bxc4+ 36. Kg1 Bxa2 37. Qxg3 Be6 38. Qg6 Qd7 39. Ne4 Kf8 40. Ng5 Bg8 41. e6 Qd4+ 42. Kh1 Qe5 43. Qh5 Ke7 44. Qg4 Qd4 45. Qf3 Qa1+ 46. Kh2 Qe5+ 47. g3 Qxg5 48. Qb7+ Kxe6 49. Qxa7 Qd2+ 50. Kg1 Qd4+ 51. Kg2 Kf6 52. g4 Bd5+ 53. Kf1 Bc4+ 54. Kg2 Qe4+ 55. Kf2 Qe2+ 56. Kg3 Qe1+ 57. Kf4 g5+ 58. Kf3 Bd5# 0-1

[Event "GRE-chT Online Rapid op 1st"]
[Site "Tornelo INT"]
[Date "2021.02.20"]
[Round "1.30"]
[White "Fragkos, Vasileios"]
[Black "Kotsis, Dimitrios"]
[Result "1-0"]
[WhiteElo "1890"]
[BlackElo "1037"]
[PlyCount "85"]
[EventDate "2021.02.20"]
[EventType "team-swiss (rapid)"]
[EventRounds "9"]
[EventCountry "GRE"]
[SourceTitle "EXT 2023"]
[Source "ChessBase"]
[SourceDate "2022.10.05"]
[SourceVersion "1"]
[SourceVersionDate "2022.10.05"]
[SourceQuality "1"]

1. e4 c5 2. Nf3 e6 3. d4 cxd4 4. Nxd4 Nf6 5. Nc3 Bb4 6. Bd3 Bxc3+ 7. bxc3 0-0 8. 0-0 d5 9. e5 Nfd7 10. Re1 Nc5 11. Bf4 Qh4 12. Bg3 Qg5 13. h4 Qe7 14. Qd2 Bd7 15. Re3 Nc6 16. Rae1 Nxd4 17. cxd4 Nxd3 18. Rxd3 f6 19. exf6 Rxf6 20. Rde3 a6 21. Re5 h6 22. Rxd5 Bc6 23. Rde5 Qf7 24. c4 Rc8 25. h5 Bd7 26. Qe2 Rf5 27. d5 Rxe5 28. Qxe5 exd5 29. Qxd5 Bg4 30. Re7 Qxd5 31. cxd5 Rd8 32. d6 b6 33. Be5 Bxh5 34. Rxg7+ Kf8 35. Rh7 Bf7 36. a3 Ke8 37. Kh2 h5 38. Kg3 Bg6 39. Rg7 Bf5 40. Kf4 Bc2 41. Kg5 Be4 42. f3 Bd3 43. Kxh5 1-0

[Event "EU-ch Online U14"]
[Site "Tornelo INT"]
[Date "2020.09.19"]
[Round "5"]
[White "Fragkos, Vasileios"]
[Black "Collin, Moritz Valentin"]
[Result "1-0"]
[WhiteElo "1705"]
[BlackElo "1855"]
[PlyCount "65"]
[EventDate "2020.09.18"]
[EventType "swiss (rapid)"]
[EventRounds "9"]
[EventCountry "NET"]
[SourceTitle "EXT 2023"]
[Source "ChessBase"]
[SourceDate "2022.10.05"]
[SourceVersion "1"]
[SourceVersionDate "2022.10.05"]
[SourceQuality "1"]
[WhiteTeam "Greece"]
[BlackTeam "Schweiz"]
[WhiteTeamCountry "GRE"]
[BlackTeamCountry "SUI"]

1. f4 d5 2. Nf3 c5 3. e3 Nc6 4. Bb5 Bf5 5. 0-0 e6 6. Ne5 Qc7 7. b3 Bd6 8. Bb2 Nf6 9. g4 Bg6 10. g5 Bh5 11. Qe1 Nd7 12. Nxd7 Qxd7 13. Bxg7 Rg8 14. Bf6 a6 15. Be2 Bxe2 16. Qxe2 Be7 17. Bxe7 Qxe7 18. d3 h6 19. h4 0-0-0 20. Kf2 hxg5 21. hxg5 f6 22. g6 Rxg6 23. Nd2 Rdg8 24. Rg1 Qh7 25. Nf3 e5 26. Rxg6 Rxg6 27. Rg1 Rxg1 28. Kxg1 e4 29. Ne1 Qh3 30. dxe4 dxe4 31. Ng2 b5 32. a4 Qf3 33. Qd2 1-0

[Event "GRE-chT 47th"]
[Site "Patras"]
[Date "2019.07.03"]
[Round "2.6"]
[White "Fragkos, Vasileios"]
[Black "Koutlas, Nikolaos"]
[Result "1-0"]
[WhiteElo "1901"]
[BlackElo "1969"]
[PlyCount "77"]
[EventDate "2019.07.02"]
[EventType "team-swiss"]
[EventRounds "7"]
[EventCountry "GRE"]
[SourceTitle "CBM 191 Extra"]
[Source "ChessBase"]
[SourceDate "2019.09.30"]
[SourceVersion "1"]
[SourceVersionDate "2019.09.30"]
[SourceQuality "1"]
[WhiteTeam "Peristeriou SH"]
[BlackTeam "Heraklion OF"]
[WhiteTeamCountry "GRE"]
[BlackTeamCountry "GRE"]

1. e4 c5 2. Nf3 Nc6 3. d4 cxd4 4. Nxd4 Nf6 5. Nc3 d6 6. Be2 g6 7. 0-0 Bg7 8. Nb3 a6 9. Be3 0-0 10. f3 b5 11. Nd5 Nxd5 12. exd5 Ne5 13. c3 Bb7 14. Qd2 Nc4 15. Bxc4 bxc4 16. Nc1 Qa5 17. Rd1 Rab8 18. Ba7 Rbc8 19. Ne2 Ba8 20. b4 Qb5 21. a4 Qd7 22. Bd4 Bxd4+ 23. Qxd4 h5 24. Ng3 Rc7 25. Nf1 a5 26. b5 Rc5 27. Ne3 Re8 28. Re1 Qc8 29. Rad1 e5 30. dxe6 Rxe6 31. Qd2 h4 32. h3 Bxf3 33. gxf3 Rxe3 34. Qxe3 Qxh3 35. Qf4 Rf5 36. Qg4 Rg5 37. Qxg5 Qxf3 38. Rxd6 h3 39. Rxg6+ 1-0